=LDR 00000nam 2200000 4500 =001 INLIS000000000047932 =005 20160308133207.0 =006 =007 =008 =020 ##$$a 979-8767-19-5 =035 ##$$0010-031600000000045 =040 ##$$a Ind =082 ##$$a 346 =090 ##$$a 346.SOI.K =100 ##$$a soedharyo soimin,S.H =245 ##$$a kitab undang undang hukum perdata =250 ##$$a 7 =260 ##$$a jakarta$bsinar grafika$c2007 =300 ##$$a ix,486hlm =850 ##$$a NBPNMAT =990 ##$$a 30710031 =990 ##$$a 0001/BPAP-NTB/2016